Złota Piłka 2021 - Top 10 - Statystyki

Ogólne statystyki
  • Ten quiz został rozwiązany 680 razy
  • Średni wynik to 9 z 10
Statystyki odpowiedzi
Lp. Klub Kraj Zawodnik % Poprawnych
1 PSG Argentyna Lionel Messi
100%
2 Bayern Polska Robert Lewandowski
99%
7 Liverpool Egipt Mohamed Salah
96%
9 PSG Francja Kylian Mbappe
95%
8 Man City Belgia Kevin De Bruyne
93%
6 Man United Portugalia Cristiano Ronaldo
92%
4 Real Madryt Francja Karim Benzema
90%
5 Chelsea Francja N'Golo Kante
78%
10 PSG Włochy Gianluigi Donnarumma
76%
3 Chelsea Włochy Jorginho
68%
Nie znaleziono quizów pasujących do podanych kryteriów
Rozkład punktacji
Procent ludzi z każdym wynikiem
Percentyl według liczby udzielonych odpowiedzi
Twoja historia wyników
Nie rozwiązałeś tego quizu